000 00674nam a2200229Ia 4500
003 OSt
005 20230418163244.0
008 210423s2011 xx 000 0 und d
020 _a9780198070207
040 _cAL
041 _aeng
082 _a332.1
_223
_bMOHR
100 _aMOHAN (Rakesh)
_990233
245 _aGrowth with financial stability: central banking in an emerging market
260 _aNew Delhi
_bOxford University Press
_c2011
300 _a1iii,500
_bPB
365 _b950
_cINR
650 _aBanking
_990234
650 _aEconomics
_990235
906 _aan ; banking ; central ; emerging ; financial ; Growth ; market ; stability:
942 _2ddc
_cBK
999 _c160663
_d160663